000 00299nam a2200121Ia 4500
008 230627s9999 xx 000 0 und d
041 _aeng
082 _a342
_bJOS
100 _aJoshi.K.C
245 _aPrincipal Of Administrative Law
260 _bBharat Law House Pvt. Ltd.
_c1979
300 _a214p
999 _c681217
_d681217